000 00382nam a2200121 a 4500
005 20140414132113.0
008 110805s19uu xx 00 eng d
050 _aREF 413
_bM26 2005
100 _aTajar, Mahmood S.
245 _aKontemporaryong diksyunaryo ng filipino-ingles :
_bBatay sa bagong alpabetong filipino.
260 _aPhilippines :
_bSmartbooks,
_c2005.
999 _c114811
_d114811